1666 1496 1131 1681 1082 1791 1145 1262 1471 1898 1219 1474 1361 1563 1943 1183 1572 1424 1512 1166 1703 1855 1276 1285 1239 1322 1527 1071 1417 1824 1605 1968 1685 1881 1495 1792 1004 1045 1763 1027 1513 1460 1145 1928 1166 1922 1757 1949 1280 1639 1877 1974 1076 1161 1348 1842 1540 1901 1834 1247 1579 1771 1057 1779 1550 1113 1848 1307 1105 1764 1659 1315 1908 1884 1044 1740 1300 1960 1231 1696 1155 1207 1897 1929 1984 1455 1298 1842 1987 1947 1857 1655 1197 1514 1353 1209 1019 1513 1931 BCNSPRNW ULIB Ver.6.0+V

เปลี่ยนเป็นภาษาไทย

Change to English
 แสดงรายละเอียดบรรณานุกรม
  กลับหน้าหลัก

Brief Record : Get Marc (ISO 2709) : E-mail record : QR code < ปิดหน้าต่าง
LEADER : 00000nam 2200000uu 4500
001    13399114558
003     ULIB
008    110627s2549||||th 000 0 tha d
020    9789749987049
090    นว.^bน111
100 0  Sunshine
245 00  เนฟเวอร์ นัม = Never numb ภาค Sky brade /^cSunshine
250    พิมพ์ครั้งที่ 1
260    กรุงเทพฯ :^bกู๊ดมอร์นิ่ง,^c2549
300    400 หน้า
710 1  กู๊ดมอร์นิ่ง
945    ^p299^l0^i021001
995    ทศพร
999 ^a ใช้งานได้ทุกระบบ
รายการนี้ยังไม่มีแท็ก
คุณยังไม่ได้ล็อกอิน คุณสามารถมีกิจกรรมร่วมกับเว็บไซต์ได้ แต่ต้องล็อกอินก่อน ::
  ล็อกอิน

รายการสื่อสารสนเทศ

ลำดับที่ ประเภท เลขเรียก/บาร์โค้ด สถานที่ สถานะ
1. นวนิยาย
นวนิยาย
นว. น111 ฉ.1 
  Barcode: 021001
ห้องสมุดวิทยาเขตสวรรค์ประชารักษ์
►นวนิยาย
บนชั้น
  ขอยืม

รายการใกล้เคียง
    ผู้แต่ง [Sunshine]

BibComment


ยังไม่เคยถูกคอมเมนท์

คอมเมนท์ทรัพยากรรายการนี้
  คอมเมนท์: เนฟเวอร์ นัม Ne..


 Copyright 2026. Bcnsprnw @Library